000 00305nam a2200145Ia 4500
100 _aJawadekar/W.S.
942 _cBK
654 _aBusiness orgn
245 _aRedesigning the Business Orgn
260 _bJaico Pub
_c1998
082 _a658
_bJAW
300 _a221
546 _aENGLISH
999 _c22032
_d22032